000 00756cab a22001935a 4500
001 L146069
008 081205e20081121xxkdo f s 000 0 eng d
035 _a(Sirsi) u146069
041 0 _aeng
100 1 _aHall, Louise
245 0 0 _aInternational investor interest returns to established countries
260 _c2008
490 _aNegotiator
_v23(23) 21 November 2008, 44-49(4)
520 _aArticle shows that interest in residential investment abroad remains high in the UK and that purchaser interest has shifted away from emerging economies towards more familiar parts of Europe and North America.
590 _aKA
651 4 _aInternational
690 _aPROPERTY-RESIDENTIAL PROPERTY-RESIDENTIAL PROPERTY FINANCE AND INVESTMENT
942 _n0
999 _c81014
_d81014